00479nam a2200145Ia 4500008004100000020001800041050002400059100002300083245006000106250001200166260005500178300002900233500006100262521001000323140527s9999 xx 000 0 und d a9789814424677 aHM 1033b.D373 2012 aDeLamater, John D. aSocial psychology /cJohn D. DeLamater, Daniel J. Myers a7th ed. aBelmont, CA :bWadsworth Cengage Learning,cc2012. a603 p. :bill. ;c23 cm. aIncludes glossary, bibliographical references and index. aPSYCH